000
00263nam a2200097Ia 4500
008
230915s9999 xx 000 0 und d
050
_a
LC3981.H35
100
_a
DANIEL P.HALLAHAN
245
0
_a
EXCEPTIONAL CHILDREN: INTRODUCTION TO SPECIAL EDUCATION
942
_c
BK
999
_c
171281
_d
171281